000 00658nam a2200205 a 4500
001 BRCA_8955
005 20190320210454.0
008 050717s1770----sp-#######---#000-0#lat-#
041 _aspa
044 _asp
084 _aCO48
_b.I73 1770
245 1 0 _aItalus ad febronium J.C. Clar. de statu ecclesiae.
260 _aLucae
_bPublica Facultate
_c1770
300 _aXX, 387 p.
_c25.6 x 20 cm
500 _aEstado físico: presenta encuadernación en pergamino con presencia del pez de plata y cintas rotas
500 _aEn portada: Editio altera
500 _aEn portada: Novis curis elaborata, correctior, et adaucta
902 _aCFM
942 _2lcc
_cB
999 _c8606
_d8606